Städte und Gemeinden im Landkreis Celle mit Karte - Statistiken

Allgemein
  • Dieses Quiz wurde 179 mal gespielt
  • Das Durchschnittsergebnis liegt bei 12 aus 20
Antworten auf der Karte
Die Antworten werden auf der Karte rot bzw. grün angezeigt, abhängig davon wie oft sie richtig erraten wurden.
 
Antwortstatistiken
Stadt oder Gemeinde % Korrekt
Celle
99%
Bergen
76%
Winsen (Aller)
75%
Wathlingen
69%
Eschede
68%
Nienhagen
68%
Lachendorf
66%
Wietze
65%
Wienhausen
64%
Eicklingen
60%
Hambühren
59%
Faßberg
58%
Südheide
56%
Bröckel
55%
Adelheidsdorf
53%
Langlingen
49%
Hohne
41%
Ahnsbeck
38%
Eldingen
38%
Beedenbostel
35%
Keine übereinstimmenden Quizze gefunden
Verteilung der Resultate
Anzahl Personen mit jedem Resultat
Perzentil nach korrekt beantworteten Fragen
Ihre Resultats-Entwicklung
Sie haben dieses Quiz noch nicht gespielt